MARC details
| 000 -CABECERA |
| campo de control de longitud fija |
01047ntm a22002655a 4500 |
| 001 - NÚMERO DE CONTROL |
| campo de control |
vtls000056334 |
| 003 - IDENTIFICADOR DEL NÚMERO DE CONTROL |
| campo de control |
ES-BaIT |
| 005 - FECHA Y HORA DE LA ÚLTIMA TRANSACCIÓN |
| campo de control |
20211007160400.0 |
| 007 - CAMPO FIJO DE DESCRIPCIÓN FÍSICA--INFORMACIÓN GENERAL |
| campo de control de longitud fija |
t| |
| 008 - DATOS DE LONGITUD FIJA--INFORMACIÓN GENERAL |
| campo de control de longitud fija |
131008| ||||||||| 00| |spa|d |
| 010 ## - NÚMERO DE CONTROL DE LA BIBLIOTECA DEL CONGRESO |
| Número de control de LC |
56334 |
| 035 ## - NÚMERO DE CONTROL DEL SISTEMA |
| Número de control de sistema |
0056-33460 |
| -- |
ES-BaIT035 |
| 039 #9 - NIVEL DE CONTROL BIBLIOGRÁFICO Y DETALLES DE CODIFICACIÓN [OBSOLETO] |
| Nivel de reglas en descripción bibliográfica |
201403080135 |
| Nivel de esfuerzo utilizado para asignar no-encabezamientos de materia en puntos de acceso |
VLOAD |
| Nivel de esfuerzo utilizado en la asignación de encabezamientos de materia |
201310110036 |
| Nivel de esfuerzo utilizado para asignar clasificación |
VLOAD |
| Nivel de esfuerzo utilizado en la asignación de encabezamientos de materia |
201310101655 |
| Nivel de esfuerzo utilizado para asignar clasificación |
VLOAD |
| Nivel de esfuerzo utilizado en la asignación de encabezamientos de materia |
201310082257 |
| Nivel de esfuerzo utilizado para asignar clasificación |
VLOAD |
| -- |
201110052349 |
| -- |
VLOAD |
| 040 00 - FUENTE DE LA CATALOGACIÓN |
| Centro catalogador/agencia de origen |
SEDO |
| Lengua de catalogación |
cat |
| 245 03 - MENCIÓN DE TÍTULO |
| Título |
El Cura examinador |
| Medio |
[Manuscrit] |
| 260 ## - PUBLICACIÓN, DISTRIBUCIÓN, ETC. |
| Lugar de publicación, distribución, etc. |
[s.a.] |
| 300 ## - DESCRIPCIÓN FÍSICA |
| Extensión |
1 Manuscrit |
| 500 ## - NOTA GENERAL |
| Nota general |
Entremés de.. (1ª parte) (la 2ª parte de este entremés es igual a la 1ª modificada la redacción. No está copiada) |
| 500 ## - NOTA GENERAL |
| Nota general |
Cop. manuscrita - notas Cotarelo |
| 593 ## - Camps col·lecció exemplar |
| Codi de localització de l’ítem (numèric ) |
0110 |
| Signatura topogràfica i/o núm. de registre |
47068 |
| Notes |
Procedència: Col·lecció Joaquín Montaner |
| Nom de la col·lecció especial |
Artur Sedó |
| 856 42 - LOCALIZACIÓN Y ACCESO ELECTRÓNICOS |
| Especificación de materiales |
Fitxa del catàleg manual |
| Identificador Uniforme del Recurso |
<a href="http://www.cdmae.cat/sedo/imgtitulos/019/P0000207.gif">http://www.cdmae.cat/sedo/imgtitulos/019/P0000207.gif</a> |
| 940 ## - EQUIVALENCIA O REFERENCIA-CRUZADA--TÍTULO UNIFORME [OBSOLETO] [solamente CAN/MARC] |
| Título uniforme |
<a href="IT">IT</a> |
| 949 ## - PROCESAMIENTO DE INFORMACIÓN LOCAL (OCLC) |
| -- |
VIRTUAITEM |
| -- |
10010 |
| -- |
10010 |
| -- |
1 |
| 6 |
1990282880 |
| a |
47068 |